000 00783cam a2200229 a 4500
001 000019081
005 20240509185222.0
008 701217s1966 nyuab b 001 0 eng d
040 _aDO-SdBNP
_cDLC
_dDLC
_dBNPHU
082 _a301
_bH693a, 1966
100 1 _aHoebel, E. Adamson,
_q(Edward Adamson),
_d1906-1993
_941058
245 1 0 _aAnthropology :
_bthe study of man /
_cE. Adamson Hoebel.
250 _a3a ed.
260 _aNew York :
_bMcGraw-Hill,
_c1966.
300 _a591 p. :
_billus., maps ;
_c24 cm.
500 _aIncluyed index
500 _aPrevious editions have title: Man in the primitive world; an introduction to anthropology.
504 _aBibliography: p. [539]-557.
650 0 _aAntropología
_985431
910 _aCatalogación derivada / LC
049 _aBNGR
999 _c18599
_d18599